000 00772nam a2200181 a 4500
008 120416s1989 ||||||||||||||||| || u
020 _a1852930586
050 _aQH 541.15.R45 Bio
100 _aBuckley, G. Peter
245 1 0 _aBiological habitat reconstruction
_cedited by G. P. Buckley
260 _aLondon
_bBelhaven Press
_c1989
300 _aix, 363p. : ill
350 _a0.00
650 _aECOLOGY
650 _aRESTORATION ECOLOGY
995 _aANNEX COLLECTION (Main Library)
_D0.00
_e721098
_FCBU-MAIN LIBRARY (Kitwe)
_H1
_I35.00
_jQH 541.15.R45 Bio
_M2
_UAVAILABLE
_y014632
_ZAnnex Low-Usage Collection
995 _aANNEX COLLECTION (Main Library)
_D0.00
_e721099
_FCBU-MAIN LIBRARY (Kitwe)
_H2
_I35.00
_jQH 541.15.R45 Bio
_M1
_UAVAILABLE
_y014631
_ZAnnex Low-Usage Collection
999 _c84648
_d84648